| 000 | 00805nam a2200265Ia 4500 | ||
|---|---|---|---|
| 001 | 3446 | ||
| 005 | 20240113233629.0 | ||
| 007 | ta | ||
| 008 | 080101s1957 ii a g b000 u 465 u | ||
| 020 | _cHB | ||
| 040 | _aCotton College Assam | ||
| 041 | _aeng | ||
| 082 |
_a954.162 _bAc 41 Hi |
||
| 100 | _aAcharyya, Nagendra Nath . | ||
| 245 | 0 |
_aThe History of Mediaeval Assam (A D 1228 to 1603) / _cNagendra Nath Acharyya. _hTheses |
|
| 250 | _a1st ed. / | ||
| 260 |
_aLondon : _bManuscript , _c1957. |
||
| 300 |
_a285p. : _bill ; _c25 cm. . |
||
| 500 | _aThesis Submitted for the Degree of the Doctor of Philosophy in the University of London. | ||
| 504 | _aBibliography, Appendix. | ||
| 653 | _aHistory; Mediaeval Assam. | ||
| 942 |
_2ddc _cBK |
||
| 999 |
_c3434 _d3434 |
||